| 000 | 00594nam a2200229Ia 4500 | ||
|---|---|---|---|
| 003 | LK-CoDNM | ||
| 005 | 20240726151312.0 | ||
| 008 | 010623t1950 xxu||||| |||| 00| 1 eng d | ||
| 040 |
_aLK-CoDNM _dLK-CoDNM _eLK-CoDNM |
||
| 041 | _aeng | ||
| 080 |
_a14 _bFF24 |
||
| 100 | _aAmbrose,Kay. | ||
| 245 | _aClassical Dances and Costumes of India | ||
| 260 |
_bAdam and Charles Black _aLondon _c1950 |
||
| 300 | _b95P. : ill . map ; 28 cm | ||
| 650 | _aBharata Naatya | ||
| 650 | _aGods | ||
| 650 | _aIndian Dancing | ||
| 650 | _aIndian Folk Dances | ||
| 650 | _aKathakali | ||
| 942 | _cBK | ||
| 999 |
_c101770 _d101770 |
||